Statistiken für Länder nach Grenzen #3

Klicken Sie hier um das Quiz zu spielen!

Allgemein

  • Dieses Quiz wurde 252 mal gespielt
  • Das Durchschnittsergebnis liegt bei 17 aus 20

Antwortstatistiken

LandgrenzenLand% Korrekt
China, RusslandMongolei
98%
Russland, Finnland, SchwedenNorwegen
97%
ItalienVatikanstadt
96%
ItalienSan Marino
94%
Italien, Österreich,
Ungarn, Kroatien
Slowenien
93%
China, IndienNepal
89%
Brasilien, Argentinien, BolivienParaguay
89%
Guyana, Brasilien, FrankreichSuriname
88%
Rumänien, UkraineMoldawien
86%
Saudi-Arabien, OmanJemen
85%
Mauretanien, Spanien, AlgerienMarokko
85%
China, IndienBhutan
84%
Honduras, GuatemalaEl Salvador
83%
IndonesienTimor-Leste
79%
Südafrika, MosambikEswatini
75%
Sudan, Dschibuti, ÄthiopienEritrea
73%
IndonesienPapua-Neuguinea
73%
Saudi-Arabien, OmanVereinigte
Arabische Emirate
73%
Kamerun, GabunÄquatorial-Guinea
71%
Sambia, Tansania, MosambikMalawi
68%

Verteilung der Resultate

Perzentil nach korrekt beantworteten Fragen

Anzahl Personen mit jedem Resultat

Ihre Resultats-Entwicklung

Sie haben dieses Quiz noch nicht gespielt